000
00299nam a2200109Ia 4500
008
201223s9999 xx 000 0 und d
100
_a
Davenport - Hines, R P T (Ed.)
245
0
_a
British business in Asia since 1860
260
_a
Cambridge
_b
Cambridge University Press
300
_a
301
942
_c
BK
999
_c
8407
_d
8407